Learning strategies in second language acquisition

Gespeichert in:
Bibliographische Detailangaben
Hauptverfasser: O'Malley, J. Michael (VerfasserIn), Chamot, Anna Uhl (VerfasserIn)
Format: Buch
Sprache:Englisch
Veröffentlicht: Cambridge Cambridge University 1990
Schriftenreihe:<The >Cambridge Applied Linguistics Series
Schlagworte:
Tags: Tag hinzufügen
Keine Tags, Fügen Sie den ersten Tag hinzu!

MARC

LEADER 00000nam a2200000 a 4500
001 UCO2969
003 CL-VaPUC
008 000610e19900000uk |||||||||||||||||eng|d
082 0 4 |a 401.9  |b OMA  |2 21 
100 0 |a O'Malley, J. Michael  |e author  |9 446755 
700 0 |a Chamot, Anna Uhl  |e author  |9 446756 
245 1 0 |a Learning strategies in second language acquisition 
300 |a 260 p 
942 |c BK 
945 |d 20000610 00:00:00  |a rbrito 
260 |a Cambridge  |b Cambridge University  |c 1990 
650 0 |a Lingüística aplicada   |9 313266 
650 7 |a INGLES COMO SEGUNDA LENGUA  |2 CL-VaPUC  |9 446757 
650 0 |a Psicolingüística   |9 283371 
583 |a last modification  |c 20130806 08:18:13  |k Rodrigo Vera 
490 0 |a <The >Cambridge Applied Linguistics Series 
999 |c 289457  |d 289455 
952 |0 0  |1 0  |4 0  |6 401_900000000000000_OMA_1990  |7 0  |8 A  |9 337866  |a FDOPOS  |b FDOPOS  |d 2019-11-20  |i 3626210  |o 401.9 OMA 1990  |p 3626210  |r 2025-01-22  |w 2019-11-20  |y BK  |k MLA 
952 |0 0  |1 0  |4 0  |6 401_900000000000000_OMA_1990  |7 0  |8 A  |9 337867  |a FDOPOS  |b FDOPOS  |d 2019-11-20  |i 4319087  |o 401.9 OMA 1990  |p 4319087  |r 2025-01-22  |w 2019-11-20  |y BK  |k MLA